Вплив нормативно-правового забезпечення на інвестиційну привабливість підприємств (Запис № 311848)

МАРК-запис
000 -Лідер
fixed length control field 00627nam a22001937a 4500
003 - Ідентифікатор контрольного номера
control field UA-OsUOA
001 - Контрольний номер
control field 25550
007 - Фіксоване поле фізичного опису
fixed length control field ta
008 - Елементи даних фіксованої довжини – загальна інформація
fixed length control field 20040414b un ||||| |||| 00| 0 ukr d
040 ## - Джерело каталогізації
Агенція оригінальної каталогізації UA-OsUOA
Агенція, яка здійснювала перезапис UA-OsUOA
Агенція, яка здійснювала модифікацію UA-OsUOA
100 ## - Основне введення – ім’я особи
Ім’я особи (НП) Бутко А. Д.
245 ## - Відомості про назву
Назва (НП) Вплив нормативно-правового забезпечення на інвестиційну привабливість підприємств
300 ## - Фізичний опис
Обсяг С.76-86
650 #7 - Додаткове предметне введення – тематичний термін
Тематичний термін чи географічна назва, як елемент введення (НП) Інвестиції
Джерело заголовка чи терміна UDC
700 ## - Додаткове введення – ім'я особи
Ім’я особи (НП) Шерстюк О. Л.
773 0# - Введення хост-одиниці (П)
Контрольний номер запису (П) 0
Назва (НП) Фінанси України
Місце, видавець та дата видання (НП) Київ
-- 2004
Інформація про взаємозв’язок (П) №4
942 ## - Додаткові елементи входу (Коха)
Тип елемента Koha Стаття періодики
955 ## - Код типу видання за змістом
Код типу видання за змістом (НП) інше

Немає доступних примірників.